[Event "David Gee TNM"]
[Site "San Francisco"]
[Date "2005.10.11"]
[Round "8"]
[White "Robbins, Chuck"]
[Black "Crawford, Nat"]
[Result "1-0"]
[WhiteElo "1574"]
[BlackElo "1552"]
[PlyCount "69"]
[EventDate "2005.08.23"]
[EventType "swiss"]
[EventRounds "8"]
[EventCountry "USA"]

1. d4 Nf6 2. c4 g6 3. Nc3 d5 4. cxd5 Nxd5 5. e4 Nxc3 6. bxc3 Bg7 7. Bc4 O-O 8.
Ne2 c5 9. Be3 Nc6 10. O-O Na5 11. Bb3 Nxb3 12. Qxb3 cxd4 13. cxd4 b6 14. Rad1
Bb7 15. d5 Ba6 16. Rd2 Bxe2 17. Rxe2 Qd6 18. f4 f6 19. Rc2 Rfc8 20. Rfc1 Qd7
21. Rc6 Kf8 22. Qb5 Rxc6 23. Rxc6 Rc8 24. Rxf6+ Bxf6 25. Qxd7 Rc3 26. e5 Bxe5
27. fxe5 Rxe3 28. Qd8+ Kf7 29. e6+ Kf6 30. Qh8+ Kf5 31. Qxh7 Rd3 32. Qxe7 Ke4
33. Qb4+ Ke3 34. Qe1+ Kd4 35. e7 1-0

[Event "David Gee TNM"]
[Site "San Francisco"]
[Date "2005.10.11"]
[Round "8"]
[White "Salvo, Tab"]
[Black "Grey, Peter"]
[Result "0-1"]
[WhiteElo "1651"]
[BlackElo "2024"]
[PlyCount "98"]
[EventDate "2005.08.23"]
[EventType "swiss"]
[EventRounds "8"]
[EventCountry "USA"]

1. Nf3 Nf6 2. g3 g6 3. b3 Bg7 4. Bb2 O-O 5. c4 d6 6. Bg2 e5 7. d3 c5 8. Nc3 Nc6
9. O-O Nh5 10. e4 f5 11. Ne2 f4 12. Rb1 g5 13. h3 g4 14. hxg4 Bxg4 15. Kh2 Qf6
16. Kg1 Bh6 17. Nh2 Bd7 18. g4 Ng7 19. f3 Bg5 20. Bc3 Kf7 21. a3 Bh4 22. Be1 h5
23. b4 b6 24. Bf2 Bxf2+ 25. Rxf2 Ke7 26. Nc3 Kd8 27. Nd5 Qh4 28. Rfb2 hxg4 29.
fxg4 Ne6 30. Qe1 Qxe1+ 31. Rxe1 Ng5 32. Rf1 Nd4 33. Rbf2 Rg8 34. b5 Be6 35. a4
Bxd5 36. exd5 a6 37. Rd2 axb5 38. axb5 Ke7 39. Kf2 Ra3 40. Rfd1 Rga8 41. Bf1
Rh8 42. Kg1 Ngf3+ 43. Nxf3 Nxf3+ 44. Kg2 Nxd2 45. Rxd2 Kf6 46. Kf3 Kg5 47. Ke4
Ra1 48. Rf2 Re1+ 49. Be2 Rh3 0-1

[Event "David Gee TNM"]
[Site "San Francisco"]
[Date "2005.10.11"]
[Round "8"]
[White "Sanguinetti, George"]
[Black "Livschitz, Louiza"]
[Result "1-0"]
[WhiteElo "1978"]
[BlackElo "1816"]
[PlyCount "99"]
[EventDate "2005.08.23"]
[EventType "swiss"]
[EventRounds "8"]
[EventCountry "USA"]

1. e4 c5 2. Nf3 d6 3. c3 Nf6 4. Be2 Nc6 5. d4 cxd4 6. cxd4 e6 7. O-O Nxe4 8. d5
exd5 9. Qxd5 Nf6 10. Qg5 Ng4 11. Qh5 Nge5 12. Nxe5 Nxe5 13. Nc3 Be7 14. f4 Nc6
15. Be3 O-O 16. Rad1 b6 17. Rf3 Bf6 18. Ne4 g6 19. Qb5 Bd7 20. Rxd6 Bg7 21. Qd5
Qe8 22. Rxd7 Nb4 23. Qc4 Qxd7 24. Qxb4 Rac8 25. Bc4 Qd1+ 26. Rf1 Qc2 27. Bb3
Qxb2 28. Qd6 Rce8 29. Ng5 Qf6 30. Qxf6 Bxf6 31. Bd2 a5 32. Nf3 Re2 33. Bc4 Re4
34. Bb5 Rd8 35. g4 Re6 36. a4 Bg7 37. Kg2 Red6 38. Be3 Re8 39. h4 h6 40. g5 Rc8
41. Rf2 Rc3 42. Bd2 Rc8 43. Re2 Rcd8 44. Be1 Ra8 45. Bf2 Bf8 46. Ne5 Rd1 47.
Bxb6 hxg5 48. hxg5 Bb4 49. Nc6 Bd2 50. Ne7+ 1-0

[Event "David Gee TNM"]
[Site "San Francisco"]
[Date "2005.10.11"]
[Round "8"]
[White "Sherwood, Peter"]
[Black "Kastor, Mark"]
[Result "1-0"]
[WhiteElo "1705"]
[BlackElo "1657"]
[PlyCount "55"]
[EventDate "2005.08.23"]
[EventType "swiss"]
[EventRounds "8"]
[EventCountry "USA"]

1. e4 c5 2. Nf3 d6 3. d4 cxd4 4. Nxd4 Nc6 5. Be3 Nf6 6. Nc3 e6 7. f3 a6 8. Qd2
Be7 9. O-O-O O-O 10. g4 Bd7 11. h4 b5 12. Nxc6 Bxc6 13. h5 b4 14. Ne2 a5 15.
Nd4 Qc7 16. g5 Nd7 17. g6 Nc5 18. gxh7+ Kxh7 19. Bd3 Nxd3+ 20. Qxd3 Rfd8 21.
Rdg1 Kg8 22. Bg5 Rd7 23. Bxe7 Rxe7 24. Qe3 Be8 25. Qg5 g6 26. Qf6 Rd7 27. h6
Kf8 28. h7 1-0

[Event "David Gee TNM"]
[Site "San Francisco"]
[Date "2005.10.11"]
[Round "8"]
[White "Todortsev, Victor"]
[Black "Parker, Frank"]
[Result "0-1"]
[WhiteElo "1941"]
[BlackElo "1822"]
[PlyCount "34"]
[EventDate "2005.08.23"]
[EventType "swiss"]
[EventRounds "8"]
[EventCountry "USA"]

1. d4 d5 2. c4 c6 3. Nc3 Nf6 4. Nf3 Nbd7 5. e3 a6 6. c5 Qc7 7. g3 e5 8. Bg2 Be7
9. O-O O-O 10. Nh4 Re8 11. Bd2 Nf8 12. f4 e4 13. f5 g5 14. fxg6 hxg6 15. Be1
Ng4 16. Qd2 Bxh4 17. gxh4 Qxh2# 0-1

[Event "David Gee TNM"]
[Site "San Francisco"]
[Date "2005.10.11"]
[Round "8"]
[White "Tuvshintugs, Batchimeg"]
[Black "Perepelitsky, Philipp"]
[Result "0-1"]
[WhiteElo "2270"]
[BlackElo "2111"]
[PlyCount "78"]
[EventDate "2005.08.23"]
[EventType "swiss"]
[EventRounds "8"]
[EventCountry "USA"]

1. e4 d6 2. d4 Nf6 3. Nc3 g6 4. Nf3 Bg7 5. Be2 O-O 6. O-O Bg4 7. Be3 Nc6 8. Qd2
e5 9. d5 Ne7 10. Rad1 Bd7 11. Ne1 b5 12. f3 b4 13. Nb1 a5 14. c3 Rb8 15. cxb4
axb4 16. b3 Qc8 17. Nc2 Qb7 18. Kh1 Rfd8 19. Bg5 c6 20. Ne3 cxd5 21. exd5 h6
22. Bh4 g5 23. Be1 Ng6 24. Nc2 Nf4 25. Bc4 g4 26. Nxb4 gxf3 27. gxf3 Qxb4 28.
Qxb4 Rxb4 29. Bxb4 Bf5 30. Nc3 h5 31. Rfe1 Bh6 32. Nb5 Nh3 33. Nxd6 Bc2 34. Ra1
Kh7 35. Re2 Bg6 36. Rxe5 Rg8 37. Re2 Be3 38. Rxe3 (38. Rf1) 38... Bb1 39. Bd3+
Bxd3 0-1

[Event "Donnelly Memorial G/45"]
[Site "San Francisco"]
[Date "2005.09.17"]
[Round "1"]
[White "Belanoff, Ted"]
[Black "Pearson, Michael"]
[Result "0-1"]
[WhiteElo "1655"]
[BlackElo "2202"]
[PlyCount "88"]
[EventDate "2005.09.17"]
[EventType "swiss (rapid)"]
[EventRounds "5"]
[EventCountry "USA"]

1. e4 e6 2. d4 d5 3. exd5 exd5 4. Nf3 Bd6 5. Nc3 c6 6. Bd3 Ne7 7. Bg5 f6 8. Bh4
O-O 9. Qd2 Re8 10. O-O Bg4 11. Ne1 Nf5 12. Bxf5 Bxf5 13. Nd3 Nd7 14. Rfe1 Qb6
15. Rxe8+ Rxe8 16. Re1 Rxe1+ 17. Qxe1 Qxd4 18. Qe8+ Nf8 19. Bg3 Bxg3 20. hxg3
Bxd3 21. cxd3 Qxd3 22. Qe7 d4 23. Ne4 Qd1+ 24. Kh2 Qh5+ 25. Kg1 Qe5 26. Qxe5
fxe5 27. Nd6 b6 28. Nc8 c5 29. Nxa7 Kf7 30. Nc8 Nd7 31. Kf1 Ke6 32. Ke2 c4 33.
f3 Kd5 34. a3 b5 35. Ne7+ Kc5 36. Kd2 g6 37. Ng8 Nb6 38. Nf6 Na4 39. Nxh7 Nxb2
40. Nf8 c3+ 41. Kc2 Kc4 42. Nxg6 d3+ 43. Kb1 d2 44. Nxe5+ Kb3 0-1

[Event "Donnelly Memorial G/45"]
[Site "San Francisco"]
[Date "2005.09.17"]
[Round "1"]
[White "Beulen, Marcel"]
[Black "Krubnik, Ewelina"]
[Result "1-0"]
[WhiteElo "2307"]
[BlackElo "1743"]
[PlyCount "37"]
[EventDate "2005.09.17"]
[EventType "swiss (rapid)"]
[EventRounds "5"]
[EventCountry "USA"]

1. e4 e5 2. Bc4 Nf6 3. d3 Bc5 4. Nf3 Nc6 5. c3 O-O 6. Bb3 d5 7. Nbd2 Bg4 8. h3
Bh5 9. Qe2 Bg6 10. g4 dxe4 11. dxe4 Qd7 12. Bc2 a6 13. Nf1 b5 14. Ng3 b4 15.
Bg5 Ne8 16. Ba4 f6 17. Qc4+ Qf7 18. Qxc5 fxg5 19. Bb3 1-0

[Event "Donnelly Memorial G/45"]
[Site "San Francisco"]
[Date "2005.09.17"]
[Round "1"]
[White "Saguid, Vincent"]
[Black "Perepelitsky, Philipp"]
[Result "0-1"]
[WhiteElo "1554"]
[BlackElo "2066"]
[PlyCount "59"]
[EventDate "2005.09.17"]
[EventType "swiss (rapid)"]
[EventRounds "5"]
[EventCountry "USA"]

1. Nf3 d5 2. g3 Nf6 3. Bg2 c5 4. O-O Nc6 5. d3 e5 6. Nbd2 Be7 7. e4 d4 8. Nc4
Qc7 9. a4 O-O 10. h3 Be6 11. Ng5 Bxc4 12. dxc4 Ne8 13. f4 Bxg5 14. fxg5 Qe7 15.
Qh5 Nd6 16. Ra3 Nxc4 17. Raf3 Nd6 18. Qg4 Qe6 19. Qh4 c4 20. Rf6 Qe7 21. R6f2
g6 22. Qg4 Ne8 23. h4 Ng7 24. Bf3 Qe6 25. Qxe6 Nxe6 26. Bg4 Nc5 27. h5 Nxe4 28.
hxg6 hxg6 29. Rf3 Nb4 30. Bd7 0-1

[Event "Donnelly Memorial G/45"]
[Site "San Francisco"]
[Date "2005.09.17"]
[Round "1"]
[White "Samak, Alexander"]
[Black "Chan, John"]
[Result "1-0"]
[WhiteElo "2160"]
[BlackElo "1644"]
[PlyCount "87"]
[EventDate "2005.09.17"]
[EventType "swiss (rapid)"]
[EventRounds "5"]
[EventCountry "USA"]

1. e4 c5 2. Nf3 d6 3. d4 cxd4 4. Nxd4 Nf6 5. Nc3 a6 6. a4 e6 7. Be2 Be7 8. O-O
O-O 9. Be3 Bd7 10. f4 Nc6 11. Kh1 Rc8 12. f5 exf5 13. Nxf5 Bxf5 14. exf5 d5 15.
Bf3 d4 16. Bxc6 dxe3 17. Bxb7 Rb8 18. Qxd8 Rfxd8 19. Bxa6 Rxb2 20. Nd1 Rb6 21.
Be2 Bc5 22. a5 Rb7 23. Bf3 Rc7 24. Re1 Re8 25. g3 h5 26. h3 Ba7 27. Ra3 Rxc2
28. Nxe3 Rf2 29. Bc6 Re5 30. Bg2 Rfxf5 31. a6 Rg5 32. Kh2 Re8 33. Nc2 Rxe1 34.
Nxe1 g6 35. Nc2 Rc5 36. Nb4 Rc1 37. Bb7 Nd7 38. Nc6 Rc2+ 39. Kh1 Bc5 40. a7 Nb6
41. Ra6 Rc1+ 42. Kg2 Rc2+ 43. Kf1 Rc1+ 44. Ke2 1-0

[Event "Donnelly Memorial G/45"]
[Site "San Francisco"]
[Date "2005.09.17"]
[Round "1"]
[White "Seada, Karim"]
[Black "Crawford, Nat"]
[Result "0-1"]
[WhiteElo "2043"]
[BlackElo "1552"]
[PlyCount "52"]
[EventDate "2005.09.17"]
[EventType "swiss (rapid)"]
[EventRounds "5"]
[EventCountry "USA"]

1. e4 d5 2. exd5 Qxd5 3. d4 Nf6 4. Nc3 Qa5 5. Bc4 Bf5 6. Nge2 e6 7. Bf4 Nbd7 8.
O-O c6 9. Re1 Be7 10. Ng3 Bg6 11. Qd2 O-O 12. Nd5 Qd8 13. Nxe7+ Qxe7 14. Bg5
Qd6 15. Rad1 Rfe8 16. c3 e5 17. Qc1 exd4 18. Rxd4 Rxe1+ 19. Qxe1 Qc5 20. Qd1
Qxg5 21. Rxd7 Nxd7 22. Qxd7 Rd8 23. Qc7 Qc1+ 24. Nf1 Qxb2 25. Bb3 Qxc3 26. Qxb7
Re8 0-1

[Event "Donnelly Memorial G/45"]
[Site "San Francisco"]
[Date "2005.09.17"]
[Round "1"]
[White "Shankland, Sam"]
[Black "Mohan, Vijay"]
[Result "1-0"]
[WhiteElo "1984"]
[BlackElo "1352"]
[PlyCount "95"]
[EventDate "2005.09.17"]
[EventType "swiss (rapid)"]
[EventRounds "5"]
[EventCountry "USA"]

1. e4 c5 2. Nf3 Nc6 3. d4 cxd4 4. Nxd4 g6 5. Nc3 Bg7 6. Be3 Nf6 7. Bc4 O-O 8.
f3 Qb6 9. Bb3 Nxe4 10. Nd5 Qa5+ 11. c3 Nf6 12. Nxc6 dxc6 13. Nxe7+ Kh8 14. Nxc8
Raxc8 15. O-O Rcd8 16. Qc2 Nd5 17. Bf2 f5 18. Rfe1 Nf4 19. Re7 Qa6 20. Rd1 Bf6
21. Red7 Rxd7 22. Rxd7 Re8 23. Qd2 Be5 24. Bh4 Qb6+ 25. Bf2 Qa6 26. Be3 Qe2 27.
Qxe2 Nxe2+ 28. Kf2 Nf4 29. Rxb7 Nd3+ 30. Ke2 Bf4 31. Kxd3 Rxe3+ 32. Kd4 Re2 33.
g3 Be5+ 34. Kc5 Rxh2 35. f4 Bf6 36. Rf7 Bg7 37. Rxa7 Bf8+ 38. Kxc6 Rxb2 39. c4
Rg2 40. c5 Rxg3 41. Rf7 Bg7 42. Kb7 Kg8 43. c6 Rc3 44. c7 h5 45. Rf6+ Kh7 46.
Rc6 Rxc6 47. Kxc6 h4 48. c8=Q 1-0

[Event "Donnelly Memorial G/45"]
[Site "San Francisco"]
[Date "2005.09.17"]
[Round "1"]
[White "Wilson, Stephen"]
[Black "Rudyak, Felix"]
[Result "0-1"]
[WhiteElo "1158"]
[BlackElo "1885"]
[PlyCount "56"]
[EventDate "2005.09.17"]
[EventType "swiss (rapid)"]
[EventRounds "5"]
[EventCountry "USA"]

1. e4 d5 2. exd5 Qxd5 3. Nc3 Qa5 4. d4 Nf6 5. f3 Bf5 6. Bd2 c6 7. Bc4 e6 8.
Nge2 Nbd7 9. a3 Qc7 10. Bg5 Bd6 11. g3 O-O-O 12. Bxf6 Nxf6 13. Qd2 e5 14. Bxf7
Qxf7 15. O-O-O Bc7 16. Qg5 Qg6 17. Qxg6 Bxg6 18. Na4 Rhe8 19. Nc5 exd4 20. Nxd4
Bb6 21. Ncb3 Nd5 22. c3 Ne3 23. Rd2 Bf7 24. Na1 c5 25. Ne2 Rxd2 26. Kxd2 Nc4+
27. Ke1 Nxb2 28. f4 Bc4 0-1

[Event "Donnelly Memorial G/45"]
[Site "San Francisco"]
[Date "2005.09.17"]
[Round "1"]
[White "Woebcke, Carl"]
[Black "Baginskaite, Camilla"]
[Result "0-1"]
[WhiteElo "1751"]
[BlackElo "2341"]
[PlyCount "38"]
[EventDate "2005.09.17"]
[EventType "swiss (rapid)"]
[EventRounds "5"]
[EventCountry "USA"]

1. e4 c5 2. Nf3 d6 3. d4 cxd4 4. Nxd4 Nf6 5. Nc3 a6 6. Bc4 e6 7. Bb3 Nbd7 8.
O-O Nc5 9. Re1 Be7 10. e5 dxe5 11. Rxe5 O-O 12. Bg5 Qc7 13. f4 Rd8 14. Nce2 Bd6
15. Re3 Kh8 16. c3 Nxb3 17. Qxb3 b5 18. Rh3 e5 19. Qc2 Bxh3 0-1

[Event "Donnelly Memorial G/45"]
[Site "San Francisco"]
[Date "2005.09.17"]
[Round "1"]
[White "Yeh, Andrew"]
[Black "Anchodo, Francisco"]
[Result "0-1"]
[WhiteElo "1262"]
[BlackElo "1980"]
[PlyCount "64"]
[EventDate "2005.09.17"]
[EventType "swiss (rapid)"]
[EventRounds "5"]
[EventCountry "USA"]

1. e4 e5 2. f4 Bc5 3. Nf3 d6 4. Bc4 Nc6 5. Nc3 Nf6 6. d3 Bg4 7. h3 Bxf3 8. Qxf3
Nd4 9. Qg3 Qe7 10. Bb3 O-O-O 11. Be3 Kb8 12. O-O c6 13. fxe5 dxe5 14. Kh1 Nh5
15. Qg4 Nxb3 16. axb3 Bxe3 17. Qxh5 f6 18. Qf3 Bd4 19. Na4 Rd7 20. c3 Bb6 21.
Nxb6 axb6 22. Rfd1 c5 23. Qg3 Qd6 24. Ra4 g5 25. Qf2 h5 26. Rda1 Rh6 27. d4 h4
28. d5 g4 29. Rg1 Rg7 30. Raa1 Qd7 31. Qf5 Qxf5 32. exf5 Rh5 {time forfeit} 0-1

[Event "Donnelly Memorial G/45"]
[Site "San Francisco"]
[Date "2005.09.17"]
[Round "2"]
[White "Baginskaite, Camilla"]
[Black "Perepelitsky, Edward"]
[Result "1-0"]
[WhiteElo "2341"]
[BlackElo "1974"]
[PlyCount "62"]
[EventDate "2005.09.17"]
[EventType "swiss (rapid)"]
[EventRounds "5"]
[EventCountry "USA"]

1. d4 Nf6 2. Nf3 g6 3. c4 Bg7 4. g3 O-O 5. Bg2 d6 6. O-O Nbd7 7. Nc3 e5 8. e4
exd4 9. Nxd4 c6 10. Bf4 Ne5 11. b3 a5 12. h3 Nfd7 13. Be3 Nc5 14. Qc2 a4 15.
Rab1 axb3 16. axb3 Na6 17. Na2 c5 18. Nb5 Nc7 19. Nac3 Nxb5 20. Nxb5 Qb6 21.
Rfd1 Rd8 22. b4 Be6 23. Rxd6 Rxd6 24. bxc5 Qa5 25. Nxd6 Qa6 26. Rb6 Qa1+ 27.
Kh2 Ra2 28. Qb1 Qxb1 29. Rxb1 Nxc4 30. Nxc4 Bxc4 31. Rxb7 Rc2 1-0

[Event "Donnelly Memorial G/45"]
[Site "San Francisco"]
[Date "2005.09.17"]
[Round "3"]
[White "Belanoff, Ted"]
[Black "Rudyak, Felix"]
[Result "0-1"]
[WhiteElo "1655"]
[BlackElo "1885"]
[PlyCount "58"]
[EventDate "2005.09.17"]
[EventType "swiss (rapid)"]
[EventRounds "5"]
[EventCountry "USA"]

1. e4 d5 2. exd5 Qxd5 3. Nc3 Qa5 4. d4 Nf6 5. Nf3 Bf5 6. Bc4 e6 7. Bf4 Bb4 8.
Bd2 c6 9. O-O Nbd7 10. a3 Bxc3 11. Bxc3 Qc7 12. Re1 O-O 13. h3 Rfd8 14. Nh4 Bg6
15. Bb4 Nb6 16. Bb3 Nbd5 17. Nxg6 Nxb4 18. axb4 hxg6 19. c3 b6 20. Qf3 c5 21.
bxc5 bxc5 22. dxc5 Rab8 23. Ra3 Qxc5 24. Qg3 Rb7 25. Re5 Qd6 26. Qe3 Rxb3 27.
Rxa7 Rxb2 28. c4 Rb1+ 29. Kh2 Nd7 0-1

[Event "Donnelly Memorial G/45"]
[Site "San Francisco"]
[Date "2005.09.17"]
[Round "3"]
[White "De Guzman, Ricardo"]
[Black "Pearson, Michael"]
[Result "1-0"]
[WhiteElo "2448"]
[BlackElo "2202"]
[PlyCount "56"]
[EventDate "2005.09.17"]
[EventType "swiss (rapid)"]
[EventRounds "5"]
[EventCountry "USA"]

1. e4 c5 2. Nf3 Nc6 3. d4 cxd4 4. Nxd4 e5 5. Nb5 d6 6. N1c3 a6 7. Na3 b5 8. Nd5
Be6 9. c3 Nce7 10. c4 f5 11. exf5 Bxd5 12. cxd5 Nxf5 13. Bd3 Nge7 14. O-O Qb6
15. Nc2 g6 16. a4 Rb8 17. axb5 axb5 18. Ne3 Nd4 19. Bd2 Bg7 20. Ba5 Qb7 21. Rc1
Rc8 22. Rxc8+ Qxc8 23. Bb4 Qd7 24. h4 O-O 25. h5 Rf4 26. hxg6 hxg6 27. Bd2 Rh4
28. Be2 Nef5 1-0

[Event "Donnelly Memorial G/45"]
[Site "San Francisco"]
[Date "2005.09.17"]
[Round "3"]
[White "Garbe, Kevin"]
[Black "Findley, John"]
[Result "1/2-1/2"]
[WhiteElo "1275"]
[BlackElo "1901"]
[PlyCount "94"]
[EventDate "2005.09.17"]
[EventType "swiss (rapid)"]
[EventRounds "5"]
[EventCountry "USA"]

1. d4 Nf6 2. c4 e6 3. Nc3 Bb4 4. Nf3 c5 5. a3 Bxc3+ 6. bxc3 Nc6 7. Bg5 cxd4 8.
cxd4 Qa5+ 9. Qd2 Qxd2+ 10. Bxd2 h6 11. Bf4 g5 12. Bg3 g4 13. Nd2 Nxd4 14. Rc1
Nc6 15. e3 b6 16. Be2 h5 17. h3 gxh3 18. Rxh3 e5 19. Nb3 d6 20. Rh1 Bg4 21. f3
Be6 22. Bh4 Ng8 23. Nd2 Nce7 24. Ne4 Nf5 25. Bf2 Ke7 26. g4 Ng7 27. gxh5 Rxh5
28. Rxh5 Nxh5 29. f4 Ng7 30. Rd1 Rd8 31. Bh4+ f6 32. Kf2 Nf5 33. Bg3 Nxg3 34.
Kxg3 Nh6 35. fxe5 fxe5 36. Rh1 Rg8+ 37. Kf2 Rf8+ 38. Ke1 Nf5 39. Kd2 Rf7 40.
Ng5 Ng3 41. Rb1 Nxe2 42. Kxe2 Bxc4+ 43. Kd2 Rf2+ 44. Kc3 d5 45. Rh1 a5 46. Rh7+
Kd6 47. Rh6+ Kc5 1/2-1/2

[Event "Donnelly Memorial G/45"]
[Site "San Francisco"]
[Date "2005.09.17"]
[Round "3"]
[White "Livschitz, Louiza"]
[Black "Mohan, Vijay"]
[Result "1-0"]
[WhiteElo "1816"]
[BlackElo "1352"]
[PlyCount "72"]
[EventDate "2005.09.17"]
[EventType "swiss (rapid)"]
[EventRounds "5"]
[EventCountry "USA"]

1. d4 f5 2. c4 Nf6 3. g3 e6 4. Bg2 d5 5. Nf3 c6 6. O-O Bd6 7. b3 Qe7 8. Qc2 O-O
9. Ne5 Na6 10. a3 Bd7 11. Kh1 Rac8 12. Nd2 Ne4 13. f3 Nxd2 14. Bxd2 Bxa3 15. c5
Bb4 16. Rxa6 bxa6 17. Bxb4 Rb8 18. Ba5 Rb5 19. Bc7 Rf6 20. Bd6 Qe8 21. Ra1 Bc8
22. e4 Bb7 23. Bf1 fxe4 24. fxe4 Qh5 25. Bxb5 cxb5 26. c6 Bc8 27. c7 Qh3 28.
Kg1 a5 29. Nc6 Qh6 30. Ne7+ Kh8 31. Bf4 g5 32. Nxc8 gxf4 33. Nd6 fxg3 34. c8=Q+
Kg7 35. Q2c7+ Kg6 36. Qg8+ Kh5 1-0

[Event "Donnelly Memorial G/45"]
[Site "San Francisco"]
[Date "2005.09.17"]
[Round "3"]
[White "Shankland, Sam"]
[Black "Baginskaite, Camilla"]
[Result "1/2-1/2"]
[WhiteElo "1984"]
[BlackElo "2342"]
[PlyCount "109"]
[EventDate "2005.09.17"]
[EventType "swiss (rapid)"]
[EventRounds "5"]
[EventCountry "USA"]

1. e4 c5 2. Nf3 d6 3. d4 cxd4 4. Nxd4 Nf6 5. Nc3 a6 6. Bc4 e6 7. O-O b5 8. Bb3
Be7 9. f4 O-O 10. f5 b4 11. Na4 e5 12. Ne2 Bb7 13. c3 a5 14. Ng3 Nxe4 15. Bd5
Bxd5 16. Qxd5 Nxg3 17. hxg3 Nd7 18. g4 Nf6 19. Qf3 d5 20. g5 Ne4 21. f6 gxf6
22. gxf6 Bxf6 23. Bh6 Bg5 24. Bxf8 Qxf8 25. Rad1 Qh6 26. g3 Qh3 27. Rxd5 Qxg3+
28. Qxg3 Nxg3 29. Rf3 Bf4 30. Nb6 Ra6 31. Nc4 e4 32. Rxf4 Ne2+ 33. Kf2 Nxf4 34.
Rxa5 Rc6 35. Ne5 Re6 36. Ke3 Ng6 37. Nxg6 hxg6 38. cxb4 f5 39. b5 g5 40. b6 f4+
41. Ke2 Rxb6 42. Rxg5+ Kh7 43. b3 Ra6 44. a4 Rc6 45. Rg4 Rc2+ 46. Kd1 Rf2 47.
Ke1 e3 48. a5 f3 49. Rf4 Kg6 50. a6 Re2+ 51. Kf1 Rf2+ 52. Ke1 Kg5 53. a7 Re2+
54. Kf1 Rf2+ 55. Ke1 1/2-1/2

[Event "Donnelly Memorial G/45"]
[Site "San Francisco"]
[Date "2005.09.17"]
[Round "3"]
[White "Tsai, Chris"]
[Black "Luke, Gary"]
[Result "0-1"]
[WhiteElo "1491"]
[BlackElo "1820"]
[PlyCount "60"]
[EventDate "2005.09.17"]
[EventType "swiss (rapid)"]
[EventRounds "5"]
[EventCountry "USA"]

1. d4 d5 2. Nf3 Nf6 3. Bg5 Nbd7 4. e3 c6 5. Nbd2 g6 6. c3 Bg7 7. Bd3 O-O 8. Qc2
c5 9. Ne5 c4 10. Be2 Nxe5 11. dxe5 Nd7 12. f4 f6 13. exf6 exf6 14. Bh4 Qe7 15.
Bf2 f5 16. O-O-O Nc5 17. Nf3 Ne4 18. Bh4 Qc5 19. Nd4 Bd7 20. Bf3 b5 21. Bxe4
fxe4 22. a3 Rfc8 23. Rhf1 a5 24. h3 b4 25. axb4 axb4 26. g4 Ba4 27. Qd2 Bb3 28.
Nc2 bxc3 29. bxc3 Bxc2 30. Qxc2 Qxe3+ 0-1

[Event "Donnelly Memorial G/45"]
[Site "San Francisco"]
[Date "2005.09.17"]
[Round "3"]
[White "Woebcke, Carl"]
[Black "Jangle, Hemang"]
[Result "1-0"]
[WhiteElo "1751"]
[BlackElo "1207"]
[PlyCount "76"]
[EventDate "2005.09.17"]
[EventType "swiss (rapid)"]
[EventRounds "5"]
[EventCountry "USA"]

1. e4 e5 2. f4 d5 3. exd5 e4 4. d3 exd3 5. c4 Qe7+ 6. Kd2 Bf5 7. Nc3 Nf6 8. a3
Nbd7 9. b4 g6 10. Bb2 Bg7 11. Rb1 O-O 12. h3 Rfe8 13. Qe1 Qxe1+ 14. Rxe1 Rxe1
15. Kxe1 Re8+ 16. Kd2 Ne4+ 17. Nxe4 Bxb2 18. Nc3 Bxa3 19. Nf3 Bxb4 20. Bxd3
Bxd3 21. Kxd3 Nc5+ 22. Kc2 Bxc3 23. Kxc3 Re4 24. Re1 Rxe1 25. Nxe1 Ne4+ 26. Kd4
Nd6 27. g4 Kf8 28. c5 Nb5+ 29. Kc4 a6 30. Nd3 f6 31. h4 Ke7 32. f5 gxf5 33.
gxf5 Kf7 34. Nf4 Ke7 35. Ne6 Ke8 36. h5 h6 37. Kb4 b6 38. Kc4 Na7 1-0

[Event "J.J. Dolan Memorial G/45"]
[Site "San Francisco"]
[Date "2005.10.01"]
[Round "1"]
[White "Luke, Gary"]
[Black "De Guzman, Ricardo"]
[Result "0-1"]
[WhiteElo "1820"]
[BlackElo "2458"]
[PlyCount "86"]
[EventDate "2005.10.01"]
[EventType "swiss (rapid)"]
[EventRounds "5"]
[EventCountry "USA"]

1. d4 Nf6 2. Nc3 g6 3. Nf3 Bg7 4. e4 d6 5. Bc4 O-O 6. O-O Nxe4 7. Nxe4 d5 8.
Bd3 dxe4 9. Bxe4 c5 10. Be3 Qc7 11. c3 Nd7 12. Rc1 Nf6 13. Qc2 Nxe4 14. Qxe4
Bf5 15. Qd5 c4 16. Rfe1 Rfd8 17. Qc5 Qxc5 18. dxc5 Bd3 19. Nd2 e5 20. b3 f5 21.
Bg5 Rd7 22. f3 Rc8 23. Be3 cxb3 24. axb3 Bb5 25. f4 e4 26. c4 Bc6 27. b4 a6 28.
Nb3 Rd3 29. Na5 Bc3 30. Nxc6 bxc6 31. Re2 Bxb4 32. Kf1 a5 33. Rcc2 Rcd8 34. g3
Rd1+ 35. Kg2 Kf7 36. h3 Ke6 37. g4 h6 38. Kg3 R8d3 39. Kg2 Kf6 40. Bf2 R1d2 41.
Rcxd2 Rxd2 42. Rxd2 Bxd2 43. Bd4+ Kf7 0-1

[Event "J.J. Dolan Memorial G/45"]
[Site "San Francisco"]
[Date "2005.10.01"]
[Round "1"]
[White "Shankland, Sam"]
[Black "Starr, Albert"]
[Result "1-0"]
[WhiteElo "2001"]
[BlackElo "1527"]
[PlyCount "69"]
[EventDate "2005.10.01"]
[EventType "swiss (rapid)"]
[EventRounds "5"]
[EventCountry "USA"]

1. e4 d6 2. d4 Nf6 3. Bd3 e5 4. d5 a6 5. c4 g6 6. Nc3 Bg7 7. Nge2 O-O 8. f3
Nbd7 9. Be3 b6 10. Rb1 Bb7 11. b4 c6 12. dxc6 Bxc6 13. Bc2 Rc8 14. Qxd6 Ne8 15.
Qd3 Nc7 16. Nd5 Re8 17. O-O Bf8 18. Nec3 a5 19. a3 axb4 20. axb4 Ne6 21. Rfd1
Ra8 22. Nxb6 Ra7 23. Nbd5 Ra3 24. Rb3 Qa8 25. c5 Rxb3 26. Bxb3 Qa3 27. Qc2 Ra8
28. Qa2 Nd4 29. Qxa3 Rxa3 30. Bc4 Nc2 31. Bf2 Nxb4 32. Nb1 Ra1 33. Nxb4 Nxc5
34. Nxc6 Na4 35. Nc3 1-0

[Event "J.J. Dolan Memorial G/45"]
[Site "San Francisco"]
[Date "2005.10.01"]
[Round "2"]
[White "Chinchwadkar, Ojas"]
[Black "Saguid, Vincent"]
[Result "1/2-1/2"]
[WhiteElo "1282"]
[BlackElo "1554"]
[PlyCount "45"]
[EventDate "2005.10.01"]
[EventType "swiss (rapid)"]
[EventRounds "5"]
[EventCountry "USA"]

1. e4 d6 2. d4 Nf6 3. Nc3 g6 4. Bd3 Bg7 5. Nge2 O-O 6. f4 c5 7. f5 cxd4 8. Nxd4
Nc6 9. Nf3 Qb6 10. Bc4 Ng4 11. Qe2 gxf5 12. Nd5 Qd8 13. h3 e6 14. hxg4 exd5 15.
Bxd5 fxe4 16. Bxe4 d5 17. Bxh7+ Kh8 18. Bg6+ Kg8 19. Bh7+ Kh8 20. Ng5 Bf6 21.
Bg6+ Kg7 22. Rh7+ Kg8 23. Bxf7+ 1/2-1/2

[Event "J.J. Dolan Memorial G/45"]
[Site "San Francisco"]
[Date "2005.10.01"]
[Round "2"]
[White "Crawford, Nat"]
[Black "Wilson, Stephen"]
[Result "1-0"]
[WhiteElo "1552"]
[BlackElo "1151"]
[PlyCount "120"]
[EventDate "2005.10.01"]
[EventType "swiss (rapid)"]
[EventRounds "5"]
[EventCountry "USA"]

1. e4 e5 2. Bc4 Nf6 3. d3 Be7 4. Nc3 O-O 5. f4 d6 6. Nf3 Bg4 7. h3 Bxf3 8. gxf3
Nbd7 9. f5 Nb6 10. Bb3 c6 11. Rg1 Kh8 12. Qe2 d5 13. Qg2 Rg8 14. Bd2 Bb4 15.
O-O-O Bxc3 16. Bxc3 d4 17. Bd2 Qd7 18. f4 Rae8 19. Qe2 c5 20. fxe5 Rxe5 21. Bf4
Re7 22. a3 Nbd5 23. Bg5 Qxf5 24. Bxd5 Qxd5 25. Bxf6 gxf6 26. Rxg8+ Kxg8 27.
Rg1+ Kh8 28. Qg4 Qg5+ 29. Qxg5 fxg5 30. Rxg5 b6 31. Kd2 f6 32. Rg4 Rg7 33. Ke2
h5 34. Rxg7 Kxg7 35. Kf3 Kg6 36. Kf4 a6 37. b3 b5 38. a4 bxa4 39. bxa4 a5 40.
h4 Kf7 41. Kf5 Kg7 42. e5 fxe5 43. Kxe5 Kg6 44. Ke6 Kg7 45. Kd5 Kg6 46. Kxc5
Kf5 47. Kxd4 Kg4 48. c4 Kxh4 49. c5 Kg3 50. c6 h4 51. c7 h3 52. c8=Q h2 53. Qh8
Kg2 54. Qxh2+ Kxh2 55. Ke5 Kg3 56. d4 Kf3 57. d5 Ke3 58. d6 Kd3 59. Kd5 Kc3 60.
d7 Kb3 1-0